10 anys Musicant : Escola municipal de música, Cardona Escola municipal de música, Cardona
Descripción Física:
48 p. : il. col.; 21 cm
MARC
| LEADER | 00000nam a2200000Ia 4500 | ||
|---|---|---|---|
| 001 | 24401 | ||
| 003 | BGR | ||
| 005 | 20260324180602.0 | ||
| 008 | 160829s9999 xx 000 0 cat d | ||
| 080 | |a FU-64-182 | ||
| 245 | |a 10 anys Musicant : |b Escola municipal de música, Cardona | ||
| 260 | |a [Cardona] : |b Escola Musicant, DL 2004 | ||
| 300 | |a 48 p. : |b il. col.; |c 21 cm | ||
| 590 | |a Inclou un full dels parlaments institucionals | ||
| 650 | |a Escola Musicant |x Història |9 49295 | ||
| 650 | |a Conservatoris de música -- Cardona |9 49296 | ||
| 710 | 2 | |a Escola Musicant |9 70766 | |
| 901 | |a Arxiu | ||
| 942 | |n 1 |2 udc |c MON | ||
| 952 | |0 0 |1 0 |4 0 |6 FU64182 |7 1 |9 55255 |a Arxiu |b Arxiu |d 2016-12-01 |l 0 |o FU-64-182 |p 24401 |r 2016-12-01 00:00:00 |w 2016-12-01 |y ARXIU | ||
| 999 | |c 59128 |d 59128 | ||